<?xml version="1.0" encoding="UTF-8"?>
<record
    xmlns:xsi="http://www.w3.org/2001/XMLSchema-instance"
    xsi:schemaLocation="http://www.loc.gov/MARC21/slim http://www.loc.gov/standards/marcxml/schema/MARC21slim.xsd"
    xmlns="http://www.loc.gov/MARC21/slim">

  <leader>00740    a2200205   4500</leader>
  <datafield tag="020" ind1=" " ind2=" ">
    <subfield code="a">3540372393</subfield>
  </datafield>
  <datafield tag="020" ind1=" " ind2=" ">
    <subfield code="a">9783540372394</subfield>
  </datafield>
  <datafield tag="082" ind1=" " ind2=" ">
    <subfield code="a">530.14</subfield>
  </datafield>
  <datafield tag="090" ind1=" " ind2=" ">
    <subfield code="c">1012</subfield>
    <subfield code="d">1012</subfield>
  </datafield>
  <datafield tag="100" ind1="1" ind2=" ">
    <subfield code="a">Hutter, Kolumban.</subfield>
  </datafield>
  <datafield tag="245" ind1="1" ind2="0">
    <subfield code="a">Electromagnetic field matter interactions in thermoelasic solids and viscous fluids /</subfield>
    <subfield code="c">Kolumban Hutter, Alfons A.F. Ven, Ana Ursescu.</subfield>
  </datafield>
  <datafield tag="260" ind1=" " ind2=" ">
    <subfield code="a">[S.l.] :</subfield>
    <subfield code="b">Springer,</subfield>
    <subfield code="c">2006.</subfield>
  </datafield>
  <datafield tag="300" ind1=" " ind2=" ">
    <subfield code="a">430 p. ;</subfield>
    <subfield code="c">24 cm.</subfield>
  </datafield>
  <datafield tag="490" ind1="1" ind2=" ">
    <subfield code="a">Lecture notes in physics.</subfield>
  </datafield>
  <datafield tag="700" ind1="1" ind2=" ">
    <subfield code="a">Ven, Alfons A.F.</subfield>
  </datafield>
  <datafield tag="700" ind1="1" ind2=" ">
    <subfield code="a">Ursescu, Ana.</subfield>
  </datafield>
  <datafield tag="830" ind1=" " ind2="0">
    <subfield code="a">Lecture notes in physics.</subfield>
  </datafield>
  <datafield tag="942" ind1=" " ind2=" ">
    <subfield code="a">SNS</subfield>
    <subfield code="c">BK</subfield>
    <subfield code="k">530.14  HUT</subfield>
  </datafield>
  <datafield tag="999" ind1=" " ind2=" ">
    <subfield code="c">29631</subfield>
    <subfield code="d">29631</subfield>
  </datafield>
  <datafield tag="952" ind1=" " ind2=" ">
    <subfield code="0">0</subfield>
    <subfield code="1">0</subfield>
    <subfield code="4">0</subfield>
    <subfield code="7">0</subfield>
    <subfield code="a">SNS</subfield>
    <subfield code="b">SNS</subfield>
    <subfield code="d">2016-05-26</subfield>
    <subfield code="l">0</subfield>
    <subfield code="o">530.14  HUT</subfield>
    <subfield code="p">SNS0001194</subfield>
    <subfield code="r">2016-05-26</subfield>
    <subfield code="w">2016-05-26</subfield>
    <subfield code="y">BK</subfield>
  </datafield>
</record>
